00488nam a2200157Ia 4500100001800000650001600018942000700034654002300041245003100064260001000095082001400105546001200119999001700131952009100148952009100239 aAnshuman Kit  aAutomobiles cBK aInstruction manual aInstruction Manual S1/V 51 bXEROX a5.43bPAN aENGLISH c26450d26450 001040708CRCaCRCEbCRCEd2023-03-17l0o5.43 PANp6656r2023-03-17w2023-03-17yBK 001040708CRCaCRCEbCRCEd2023-03-17l0o5.43 PANp6657r2023-03-17w2023-03-17yBK